Odvody živnostníkov na rok 2012

Porovnanie výšky odvodov živnostníkov v roku 2011 a 2012. Zvýšenie odvodov v roku 2012, nakoľko došlo k zvýšeniu minimálneho vymeriavacieho základu.

Saved in:
Bibliographic Details
Main Author: Šabíková, Ingrid
Format: Book Chapter
Language:Slovak
Subjects:
Tags: Add Tag
No Tags, Be the first to tag this record!

MARC

LEADER 00000nla a2200000 4500
001 0156588
005 20240502072732.5
041 0 |a slo 
044 |a SK 
245 1 0 |a Odvody živnostníkov na rok 2012  |c Ingrid Šabíková 
520 |a Porovnanie výšky odvodov živnostníkov v roku 2011 a 2012. Zvýšenie odvodov v roku 2012, nakoľko došlo k zvýšeniu minimálneho vymeriavacieho základu. 
610 2 0 |a odvody 
610 2 0 |a poistenie sociálne 
610 2 0 |a poistenie starobné 
610 2 0 |a poistenie nemocenské 
610 2 0 |a poistenie invalidné 
610 2 0 |a poistenie zdravotné 
610 2 0 |a fond rezervný 
610 2 0 |a základ vymeriavací 
610 2 0 |a živnostníci 
100 1 |a Šabíková, Ingrid